| 000 | 01066nam a22002297a 4500 | ||
|---|---|---|---|
| 008 | 120814t xxu||||| |||| 00| 0 eng d | ||
| 020 | _a0273684264 | ||
| 050 | _aTS183.Q64 | ||
| 100 | _aSlack, Nigel | ||
| 245 |
_aOperations and process management: principles and practice. / _cNigel Slack et al |
||
| 260 |
_aEngland: _bPrentice - Hall, _c2006. |
||
| 300 |
_axxiii,531 p.: _bill.; _c24cm. |
||
| 500 | _aIncludes index | ||
| 505 | _aContents: Operations and processes -- Operations strategy -- Supply network design -- Process design 1 - Positioning -- Process design 2 - Analysis -- Product and service design processes -- Supply chain management -- Capacity management -- Inventory management -- Resource planning and control -- Lean synchronization -- Quality management -- Improvment -- Risk and resilence -- Project management. | ||
| 650 | _aManufacturing processes. | ||
| 650 | _aProcess control. | ||
| 650 | _aOperations Management. | ||
| 700 | _aChambers, Stuart | ||
| 700 | _aJohnson, Robert | ||
| 700 | _aBetts, Alan | ||
| 942 |
_2lcc _cBK |
||
| 999 |
_c2008 _d9508 |
||